000 01138cam a22002295a 4500
001 L149244
008 100209e20100115xxk 000 0 eng d
035 _a(Sirsi) u149244
041 0 _aeng
100 1 _aHatcher, David
245 0 0 _aMarkets
_bSomerset, Devon and Cornwall
260 _c2010
490 0 _aProperty Week
_v76(2) 15 January 2010, 43-49(4)
520 _aRetail activity in the region includes the Crown Estate's purchase of a 50% share in Land Securities' Princesshay shopping centre in Exeter and more occupiers at St Austell's White River Place retail scheme. Exeter business occupiers are spoilt for choice at out-of-town business and science park developments and Valad's city centre Senate building is slowly beginning to fill. But commercial developments in Plymouth are struggling to find sufficient occupier demand. Kilbride is seeking to reinstatement the Bere Alston to Tavistock passenger railway line.
590 _aKA
651 4 _aSomerset
651 4 _aDevon
651 4 _aCornwall
690 _aPROPERTY-COMMERCIAL PROPERTY-COMMERCIAL PROPERTY MARKET
700 1 _aFranklin, Ian
942 _n0
999 _c82090
_d82090